Statistics for Pokemon Dragon-Type

Click here to take the quiz!

General Stats

  • This quiz has been taken 6 times
  • The average score is 78 of 110

Answer Stats

HintAnswer% Correct
0006ACharizard (Mega X)
100%
0148Dragonair
100%
0147Dratini
100%
0635Hydreigon
100%
0334Altaria
80%
0334AAltaria (Mega)
80%
0842Appletun
80%
0842AAppletun (Gigantamax)
80%
0840Applin
80%
0610Axew
80%
0371Bagon
80%
0998Baxcalibur
80%
0633Deino
80%
0483Dialga (Altered Forme)
80%
0483ADialga (Origin Forme)
80%
0691Dragalge
80%
0149Dragonite
80%
0780Drampa
80%
0621Druddigon
80%
0890Eternatus
80%
0890AEternatus (Eternamax)
80%
0841Flapple
80%
0841AFlapple (Gigantamax)
80%
0611Fraxure
80%
0444Gabite
80%
0444AGabite (Alpha)
80%
0445Garchomp
80%
0445BGarchomp (Alpha)
80%
0445AGarchomp (Mega)
80%
0433Gible
80%
0433AGible (Alpha)
80%
0487Giratina (Altered Forme)
80%
0487AGiratina (Origin Forme)
80%
0612Haxorus
80%
0230Kingdra
80%
0646Kyurem
80%
0646AKyurem (Black)
80%
0646BKyurem (White)
80%
0380Latias
80%
0380ALatias (Mega)
80%
0381Latios
80%
0381ALatios (Mega)
80%
0800ANecrozma (Ultra Burst)
80%
0714Noibat
80%
0715Noivern
80%
0484Palkia (Altered Forme)
80%
0484APalkia (Origin Forme)
80%
0384Rayquaza
80%
0384ARayquaza (Mega)
80%
0895Regidrago
80%
0643Reshiram
80%
0373Salamence
80%
0373Salamence (Mega)
80%
0372Shelgon
80%
0697Tyrantrum
80%
0696Tyrunt
80%
0644Zekrom
80%
0634Zweilous
80%
0718AZygarde (10% Forme)
80%
0718Zygarde (50% Forme)
80%
0718DZygarde (Cell)
80%
0718BZygarde (Complete Forme)
80%
0718CZygarde (Core)
80%
0181AAmpharos (Mega)
60%
0493CArceus (Dragon Plate)
60%
0997Arctibax
60%
1011Dipplin
60%
0882Dracovish
60%
0880Dracozolt
60%
0887Dragapult
60%
0886Drakloak
60%
0885Dreepy
60%
0884Duraludon
60%
0884ADuraludon (Gigantamax)
60%
0103AExeggutor (Alolan)
60%
0330Flygon
60%
0996Frigibax
60%
0706AGoodra (Hisuian)
60%
0706BGoodra (Hisuian) (Alpha)
60%
0706Goodra (Kalosian)
60%
0704Goomy
60%
0704AGoomy (Alpha)
60%
0799Guzzlord
60%
0783Hakamo-o
60%
0782Jangmo-o
60%
0784Kommo-o
60%
1007Koraidon (Apex Build)
60%
1007DKoraidon (Gliding Builld)
60%
1007AKoraidon (Limited Build)
60%
1007BKoraidon (Sprinting Build)
60%
1007CKoraidon (Swimming Build)
60%
1008CMiraidon (Aquatic Mode)
60%
1008BMiraidon (Drive Mode)
60%
1008DMiraidon (Glide Mode)
60%
1008AMiraidon (Low-Power Build)
60%
1008Miraidon (Ultimate Build)
60%
0804Naganadel
60%
1005Roaring Moon
60%
0254ASceptile (Mega)
60%
0705ASliggoo (Hisuian)
60%
0705BSliggoo (Hisuian) (Alpha)
60%
0705Sliggoo (Kalosian)
60%
0776Turtonator
60%
0329Vibrava
60%
0967Cyclizar
40%
0978Tatsugiri (Curly Form)
40%
0978ATatsugiri (Droopy Form)
40%
0978BTatsugiri (Stretchy Form)
40%
1009Walking Wake
40%
0733CSilvally (Dragon Memory)
20%

Score Distribution

Percentile by Number Answered

Percent of People with Each Score

Your Score History

You have not taken this quiz